[Event "SR 4. liga A21 2016/2017"]
[Site "?"]
[Date "2017.01.29"]
[Round "8.1"]
[White "Brunovsky, Peter"]
[Black "Blatnicky, Miroslav"]
[Result "1/2-1/2"]
[WhiteElo "1818"]
[BlackElo "2112"]
[PlyCount "101"]
[EventDate "2016.??.??"]

1. Nf3 d5 2. d4 Nf6 3. Bf4 Bf5 4. e3 e6 5. Bd3 Bg6 6. c3 c6 7. Bxg6 hxg6 8. Qb3
Qb6 9. Qxb6 axb6 10. Nbd2 Nbd7 11. O-O Nh5 12. Ne5 Be7 13. Ndf3 Nxe5 14. Nxe5
Bf6 15. Nd3 Nxf4 16. exf4 Be7 17. Ne5 Bd6 18. g3 f6 19. Nf3 Kf7 20. Rfe1 b5 21.
a3 b6 22. Rac1 c5 23. Re2 Rhe8 24. Kg2 Ra7 25. Ne1 Rc7 26. Rec2 Rec8 27. Kf3
Be7 28. Ke2 g5 29. fxg5 fxg5 30. f3 Bf6 31. Kd3 cxd4 32. cxd4 Rc4 33. Rxc4
dxc4+ 34. Ke4 Re8 35. f4 gxf4 36. gxf4 g5 37. Nf3 gxf4 38. Kxf4 Rg8 39. Rc2 Rd8
40. Ke4 Rg8 41. a4 Rg4+ 42. Ke3 bxa4 43. Rxc4 Rg2 44. Rb4 Bd8 45. Ne5+ Ke8 46.
Nc4 Rxh2 47. Nxb6 Bxb6 48. Rxb6 Kd7 49. Rb4 Kd6 50. Rxa4 Rxb2 51. Ra6+ 1/2-1/2

[Event "SR 4. liga A21 2016/2017"]
[Site "?"]
[Date "2017.01.29"]
[Round "8.1"]
[White "Podjavorinsky, Michal"]
[Black "Kocak, Branislav"]
[Result "1/2-1/2"]
[WhiteElo "1841"]
[BlackElo "1879"]
[PlyCount "20"]
[EventDate "2016.??.??"]

1. e4 c5 2. Nc3 d6 3. d3 Nc6 4. g3 g6 5. Bg2 Bg7 6. Nge2 Nf6 7. h3 Bd7 8. Be3
a6 9. Qd2 h5 10. Bg5 Qa5 1/2-1/2

[Event "SR 4. liga A21 2016/2017"]
[Site "?"]
[Date "2017.01.29"]
[Round "8.1"]
[White "Hrubsa, Marian"]
[Black "Smrek, Peter"]
[Result "1-0"]
[WhiteElo "1883"]
[BlackElo "1779"]
[PlyCount "93"]
[EventDate "2016.??.??"]

1. e4 c5 2. Nf3 Nc6 3. d4 cxd4 4. Nxd4 d6 5. Nc3 a6 6. Be2 Bd7 7. Be3 b5 8. O-O
Nf6 9. a3 g6 10. Qd2 h5 11. f4 Bg7 12. f5 Ne5 13. fxg6 fxg6 14. Nf3 Nf7 15. Nh4
Ne5 16. Bd3 Be6 17. Nd5 Bf7 18. Bb6 Bh6 19. Qe2 Qc8 20. Nc7+ Kd7 21. Nxa8 Qxa8
22. a4 Qc6 23. Bd4 Nxd3 24. axb5 Qxb5 25. cxd3 Bg5 26. Nf3 Bh6 27. e5 Ng4 28.
exd6 Re8 29. Ne5+ Nxe5 30. Qxe5 Bd5 31. Qg3 exd6 32. Rf6 Qb4 33. Bc3 Qb6+ 34.
d4 Be3+ 35. Kh1 Be4 36. Rf7+ Ke6 37. Raf1 Bxd4 38. Qf4 d5 39. Rh7 Re7 40. Rxe7+
Kxe7 41. Qf8+ Kd7 42. Rf7+ Kc6 43. Qe8+ Kc5 44. Qc8+ Kd6 45. Bxd4 Bxg2+ 46.
Kxg2 Qxd4 47. Qc7+ 1-0

[Event "SR 4. liga A21 2016/2017"]
[Site "?"]
[Date "2017.01.29"]
[Round "8.1"]
[White "Bjel, Jan"]
[Black "Nadzamova, Sofia"]
[Result "1/2-1/2"]
[WhiteElo "1816"]
[BlackElo "1821"]
[PlyCount "34"]
[EventDate "2016.??.??"]

1. d4 f5 2. c4 Nf6 3. Nc3 e6 4. g3 Bb4 5. Bd2 O-O 6. Bg2 d6 7. Qb3 Bxc3 8. Bxc3
c6 9. Nh3 Qc7 10. Nf4 Kh8 11. O-O Na6 12. Rac1 Rb8 13. a4 c5 14. dxc5 Nxc5 15.
Qc2 Bd7 16. b3 Rbe8 17. Nd3 Nxd3 1/2-1/2

[Event "SR 4. liga A21 2016/2017"]
[Site "?"]
[Date "2017.01.29"]
[Round "8.1"]
[White "Kanka, Tomas"]
[Black "Podjavorinsky, Peter"]
[Result "1/2-1/2"]
[WhiteElo "1692"]
[BlackElo "1675"]
[PlyCount "24"]
[EventDate "2016.??.??"]

1. e4 e5 2. Nf3 Nf6 3. Nc3 Nc6 4. Bb5 Bc5 5. Bxc6 dxc6 6. O-O Bg4 7. h3 Bh5 8.
d3 h6 9. Be3 Qe7 10. a3 Rd8 11. Qe2 Bb6 12. Na4 g5 1/2-1/2

[Event "SR 4. liga A21 2016/2017"]
[Site "?"]
[Date "2017.01.29"]
[Round "8.2"]
[White "Ganzova, Veronika"]
[Black "Slaby, Jozef"]
[Result "0-1"]
[WhiteElo "1738"]
[BlackElo "1754"]
[PlyCount "136"]
[EventDate "2016.??.??"]

1. e4 Nf6 2. Nc3 d5 3. exd5 Nxd5 4. Nge2 c6 5. d4 g6 6. Nxd5 cxd5 7. g3 Bg7 8.
Bg2 O-O 9. O-O e6 10. Bf4 Nd7 11. Re1 Nb6 12. c3 Bd7 13. Nc1 Rc8 14. Nd3 Nc4
15. Rb1 Bc6 16. Nb4 Bb5 17. Qb3 Na5 18. Qd1 Bd7 19. Nd3 Nc4 20. Nc5 Bc6 21. h4
h5 22. Bh3 b6 23. Nd3 a5 24. Bg5 Qc7 25. Bf4 Qe7 26. Bg5 Bf6 27. Bxf6 Qxf6 28.
Ne5 Nd6 29. Re3 Ne4 30. Rf3 Qg7 31. Qe2 Ba4 32. Rc1 Bc6 33. Rb1 Nd6 34. Qd1 Nc4
35. Nd3 Rce8 36. Qc1 e5 37. dxe5 Nxe5 38. Nxe5 Rxe5 39. Re3 Rfe8 40. Rxe5 Qxe5
41. Qd2 Qe4 42. Rd1 d4 43. Kh2 dxc3 44. Qxc3 Bb7 45. Qd2 Qf3 46. Re1 Rc8 47.
Qe2 Qc6 48. Qf1 Rd8 49. Rc1 Qf3 50. Bg2 Qxg2+ 51. Qxg2 Bxg2 52. Kxg2 Rd2 53.
Rb1 Kg7 54. a3 Kf6 55. Kf3 Kf5 56. Ke3 Rc2 57. Kf3 f6 58. a4 Rc4 59. Ra1 Rb4
60. Ra2 g5 61. hxg5 fxg5 62. Kg2 Ke4 63. Kf1 Rb3 64. Ke2 h4 65. gxh4 gxh4 66.
Kf1 Kf3 67. Kg1 h3 68. Ra3 Rxa3 0-1

[Event "SR 4. liga A21 2016/2017"]
[Site "?"]
[Date "2017.01.29"]
[Round "8.2"]
[White "Slaba, Andrea"]
[Black "Sottnik, Filip"]
[Result "1-0"]
[WhiteElo "1801"]
[BlackElo "1714"]
[PlyCount "115"]
[EventDate "2016.??.??"]

1. Nf3 Nc6 2. d4 e6 3. c4 d5 4. e3 Nf6 5. Be2 dxc4 6. Bxc4 b6 7. Bb5 Bd7 8. O-O
a6 9. Be2 Be7 10. Nc3 O-O 11. a3 Bc8 12. Bd2 Bb7 13. b4 Nd5 14. Qb3 Nxc3 15.
Bxc3 Bf6 16. Rfd1 Qe7 17. a4 a5 18. b5 Na7 19. Bb2 Rfd8 20. Rac1 c6 21. bxc6
Bxc6 22. Ba3 Qb7 23. Rb1 Rab8 24. Rdc1 Qd7 25. Bd1 b5 26. Bc5 Bd5 27. Qb2 b4
28. Nd2 Rdc8 29. Bb3 Nc6 30. f4 Nd8 31. Rc2 Nb7 32. Rbc1 Ra8 33. Bxd5 Qxd5 34.
Qb3 Qd7 35. Bb6 Rxc2 36. Qxc2 Nd6 37. Qc7 Qxc7 38. Bxc7 Rc8 39. Nb3 Ne8 40.
Bxa5 Rxc1+ 41. Nxc1 Be7 42. Kf2 f5 43. Bb6 Nd6 44. a5 Nc8 45. Ke2 Kf8 46. Kd3
Ke8 47. Bc5 Bxc5 48. dxc5 Na7 49. Kc4 Nc6 50. Kb5 Kd7 51. Kb6 Nd8 52. a6 Nc6
53. Nb3 h6 54. a7 Nxa7 55. Kxa7 Kc6 56. Ka6 g5 57. Ka5 gxf4 58. exf4 1-0

[Event "SR 4. liga A21 2016/2017"]
[Site "?"]
[Date "2017.01.29"]
[Round "8.2"]
[White "Lackovic, Marek"]
[Black "Vagovic, Milan"]
[Result "1/2-1/2"]
[WhiteElo "1648"]
[BlackElo "1638"]
[PlyCount "31"]
[EventDate "2016.??.??"]

1. e4 c5 2. Nf3 d6 3. d4 cxd4 4. Nxd4 Nf6 5. Nc3 a6 6. Be2 e6 7. Be3 Be7 8. Qd2
O-O 9. f3 b5 10. a3 Bb7 11. g4 Nc6 12. O-O-O Nxd4 13. Bxd4 Ne8 14. Rdg1 Rc8 15.
h4 d5 16. e5 1/2-1/2

[Event "SR 4. liga A21 2016/2017"]
[Site "?"]
[Date "2017.01.29"]
[Round "8.2"]
[White "Pripko, Bystrik"]
[Black "Ganz, Marek"]
[Result "0-1"]
[WhiteElo "1653"]
[BlackElo "1475"]
[PlyCount "88"]
[EventDate "2016.??.??"]

1. e4 e5 2. Nf3 Nc6 3. Bc4 Bc5 4. d3 h6 5. O-O d6 6. h3 Nf6 7. a3 O-O 8. Be3
Bxe3 9. fxe3 Re8 10. Nc3 Bd7 11. Nd5 Na5 12. Nxf6+ Qxf6 13. Nh2 Qg6 14. Bxf7+
Qxf7 15. Rxf7 Kxf7 16. Qd2 Nc6 17. Rf1+ Kg8 18. b4 Re6 19. Rf3 Rg6 20. Kh1 Re8
21. Qc3 Rc8 22. b5 Ne7 23. a4 c6 24. Qb3+ Kh8 25. Rf7 Be6 26. Qb4 Bxf7 27. c4
b6 28. Nf3 c5 29. Qe1 Rf8 30. Qh4 Rf6 31. Kg1 Kg8 32. Qg4 Be6 33. Qh4 Ra8 34.
Kh2 a6 35. Qe1 axb5 36. axb5 Bf7 37. Qb1 Bh5 38. Kg3 Bxf3 39. gxf3 g5 40. Qb2
Raf8 41. Qe2 Rxf3+ 42. Kg4 Kh7 43. d4 exd4 44. exd4 R8f4+ 0-1

[Event "SR 4. liga A21 2016/2017"]
[Site "?"]
[Date "2017.01.29"]
[Round "8.2"]
[White "Fajnor, Dusan"]
[Black "Kuracina, Lubomir"]
[Result "1/2-1/2"]
[WhiteElo "1641"]
[BlackElo "1509"]
[PlyCount "169"]
[EventDate "2016.??.??"]

1. d4 d5 2. c4 c6 3. Nc3 a6 4. e3 h6 5. Nf3 Bg4 6. Be2 e6 7. c5 Be7 8. O-O Qc7
9. Ne5 Bxe2 10. Qxe2 Nd7 11. f4 Ngf6 12. Bd2 Nxe5 13. fxe5 Nd7 14. b4 O-O 15.
Qg4 f5 16. Qg6 Rf7 17. Ne2 Nf8 18. Qg3 Kh7 19. Nf4 Re8 20. Qf3 Bd8 21. a4 Qe7
22. Rab1 g5 23. Nh5 Nd7 24. g4 Rg8 25. h3 Qf8 26. b5 Nb8 27. Qg3 Qe8 28. gxf5
Rxf5 29. Qg4 Rxf1+ 30. Rxf1 axb5 31. axb5 cxb5 32. Nf6+ Bxf6 33. exf6 Rf8 34.
e4 Qd7 35. e5 Nc6 36. h4 Qf7 37. hxg5 Rg8 38. Qh4 Qg6 39. Qg4 Qf7 40. Rf2 b4
41. Qh3 Rg6 42. Rh2 Nxd4 43. Qg4 Nf5 44. Qxb4 Qc7 45. Bf4 Kg8 46. Kf2 hxg5 47.
Rg2 g4 48. Qa3 Kf7 49. Rh2 g3+ 50. Bxg3 Nh6 51. Kf3 d4 52. Ke2 Qc6 53. Qf3 Qb5+
54. Kd1 Qb1+ 55. Kd2 Qb2+ 56. Kd1 Qb1+ 57. Kd2 Kg8 58. Rxh6 Rxh6 59. Qg4+ Rg6
60. Qxe6+ Kh8 61. Qe8+ Kh7 62. Qf7+ Kh6 63. Bf4+ Kh5 64. Qh7+ Kg4 65. Qh2 Qb2+
66. Kd1 Qb1+ 67. Kd2 Qb4+ 68. Kd1 Qxc5 69. Qg3+ Kf5 70. Qd3+ Kxf4 71. Qxg6 d3
72. Qxd3 Kxe5 73. Qf3 Qd4+ 74. Kc1 Qa1+ 75. Kc2 Qa4+ 76. Kc1 Qc4+ 77. Kd2 Qb4+
78. Kc2 Qc5+ 79. Kd2 Qd6+ 80. Kc2 Qxf6 81. Qxb7 Qf2+ 82. Kb3 Qe3+ 83. Ka4 Qd4+
84. Qb4 Qa1+ 85. Qa3 1/2-1/2

[Event "SR 4. liga A21 2016/2017"]
[Site "?"]
[Date "2017.01.29"]
[Round "8.3"]
[White "Pribila, Gerhard"]
[Black "Curidlo, Jan"]
[Result "1-0"]
[WhiteElo "2135"]
[BlackElo "1894"]
[PlyCount "93"]
[EventDate "2016.??.??"]

1. e4 Nc6 2. Nf3 e5 3. d4 exd4 4. Nxd4 Bc5 5. Nb3 Bb6 6. Nc3 Nf6 7. Qe2 d6 8.
Be3 Qe7 9. f3 Be6 10. O-O-O Bxe3+ 11. Qxe3 O-O-O 12. Bb5 Bd7 13. Bxc6 Bxc6 14.
Qxa7 Nd7 15. Qe3 Nb6 16. Na5 Bd7 17. Nd5 Nxd5 18. Rxd5 Kb8 19. Rhd1 Qe8 20.
R5d3 Qe5 21. Ra3 Qc5 22. Qxc5 dxc5 23. Rad3 Kc8 24. Nxb7 Kxb7 25. Rxd7 Rxd7 26.
Rxd7 Rf8 27. a4 Kc6 28. Rd5 g6 29. g4 Ra8 30. b3 Rb8 31. Kd2 c4 32. Kc3 cxb3
33. cxb3 Rh8 34. h4 Re8 35. Kc4 Re6 36. b4 Kb7 37. b5 Rf6 38. Rd3 Rf4 39. Kd5
f6 40. Kd4 h5 41. Ke3 g5 42. hxg5 fxg5 43. gxh5 Rh4 44. Rd5 Rxh5 45. a5 c6 46.
bxc6+ Kxc6 47. Kf2 1-0

[Event "SR 4. liga A21 2016/2017"]
[Site "?"]
[Date "2017.01.29"]
[Round "8.3"]
[White "Musaev, Urmat"]
[Black "Kubis, Ivan"]
[Result "0-1"]
[WhiteElo "1742"]
[BlackElo "1903"]
[PlyCount "66"]
[EventDate "2016.??.??"]

1. e4 e5 2. Nf3 Nc6 3. Bc4 Nf6 4. O-O Nxe4 5. d3 Nf6 6. Re1 d6 7. Ng5 d5 8. Bb5
Be7 9. Nc3 O-O 10. Bxc6 bxc6 11. h3 Bd6 12. Nf3 Re8 13. Bg5 h6 14. Bh4 Rb8 15.
Rb1 Bf5 16. Nd2 g5 17. Bg3 Bg6 18. Nf1 Nh5 19. Ne2 f5 20. c3 f4 21. Bh2 Qf6 22.
Nc1 Rf8 23. b3 Rbe8 24. Rb2 e4 25. d4 Ng7 26. c4 Bb4 27. Ree2 Bh5 28. f3 exf3
29. Rxe8 Rxe8 30. gxf3 Re1 31. Qc2 Bg6 32. Qf2 Rxc1 33. Re2 Bd3 0-1

[Event "SR 4. liga A21 2016/2017"]
[Site "?"]
[Date "2017.01.29"]
[Round "8.3"]
[White "Valla, Tomas"]
[Black "Musaev, Matej Elbek"]
[Result "0-1"]
[WhiteElo "1855"]
[BlackElo "1696"]
[PlyCount "68"]
[EventDate "2016.??.??"]

1. e4 c5 2. c3 Nf6 3. Bd3 Nc6 4. Nf3 d6 5. h3 a6 6. Bc2 b5 7. O-O e6 8. Re1 Be7
9. a3 c4 10. d4 cxd3 11. Qxd3 O-O 12. Bg5 e5 13. Bxf6 Bxf6 14. b3 Be6 15. Rd1
Qb6 16. Nbd2 Na5 17. Nd4 exd4 18. e5 g6 19. exf6 Bf5 20. Ne4 d5 21. f3 dxe4 22.
fxe4 dxc3+ 23. Kh1 Be6 24. Qxc3 Rac8 25. Qd2 Bf5 26. e5 Kh8 27. Bxf5 gxf5 28.
Qh6 Rg8 29. Rd3 Qf2 30. Rd2 Qg3 31. Rad1 Qxe5 32. Rd8 Rcxd8 33. Rxd8 Qe1+ 34.
Kh2 Qg3+ 0-1

[Event "SR 4. liga A21 2016/2017"]
[Site "?"]
[Date "2017.01.29"]
[Round "8.3"]
[White "Stolar, Michal"]
[Black "Bilovsky, Milan"]
[Result "0-1"]
[WhiteElo "1630"]
[BlackElo "1933"]
[PlyCount "84"]
[EventDate "2016.??.??"]

1. e4 c5 2. c4 e5 3. Nf3 Nc6 4. Be2 d6 5. Nc3 Nf6 6. h3 Be7 7. d3 h6 8. O-O O-O
9. a3 a6 10. Nh2 Nd4 11. f4 Bd7 12. fxe5 dxe5 13. Nf3 Qc7 14. Rb1 b5 15. cxb5
axb5 16. Qe1 Kh7 17. Qg3 Nh5 18. Qf2 Nf6 19. Bd1 Rab8 20. Be3 Be6 21. b3 Nd7
22. Kh1 b4 23. axb4 Rxb4 24. Nd2 f5 25. Qg1 Nf6 26. Ne2 Nh5 27. Qh2 f4 28. Bf2
f3 29. Nxd4 cxd4 30. Bxf3 Nf4 31. Bg3 Nxd3 32. Nc4 Bxc4 33. bxc4 Rxb1 34. Rxb1
Qxc4 35. Rf1 Nf4 36. Qg1 d3 37. Kh2 Bc5 38. Bf2 Ne2 39. Qh1 Bxf2 40. Rxf2 Qd4
41. Qe1 Qe3 42. Qf1 Qf4+ 0-1

[Event "SR 4. liga A21 2016/2017"]
[Site "?"]
[Date "2017.01.29"]
[Round "8.3"]
[White "Zajicek, Ferdinand"]
[Black "Divinec, Peter"]
[Result "1/2-1/2"]
[WhiteElo "1779"]
[BlackElo "1357"]
[PlyCount "97"]
[EventDate "2016.??.??"]

1. e4 e5 2. Nf3 Nc6 3. Bc4 Bc5 4. O-O Nf6 5. d3 d6 6. Be3 Bb6 7. h3 O-O 8. a3
Be6 9. Ba2 Bxa2 10. Rxa2 d5 11. exd5 Nxd5 12. Bxb6 Nxb6 13. Nc3 f5 14. Re1 Qf6
15. Qd2 a6 16. Raa1 Rad8 17. Qe3 Rfe8 18. Qc5 Nd7 19. Qc4+ Kf8 20. Nd5 Qd6 21.
Ne3 g6 22. Ng5 Qe7 23. h4 h6 24. Nd5 Qc5 25. Nh7+ Kg7 26. Qxc5 Nxc5 27. Nhf6
Re6 28. b4 Nd7 29. Nxd7 Rxd7 30. Nf4 Ree7 31. Ne2 Nd4 32. Nxd4 exd4 33. g3 Kf6
34. Kf1 Rd6 35. Rxe7 Kxe7 36. Re1+ Re6 37. Rxe6+ Kxe6 38. f4 b6 39. Ke2 Kd5 40.
Kd2 c5 41. bxc5 bxc5 42. Kc1 c4 43. Kb2 a5 44. Ka1 a4 45. Kb2 cxd3 46. cxd3 g5
47. Kc2 gxf4 48. gxf4 Ke6 49. h5 1/2-1/2

[Event "SR 4. liga A21 2016/2017"]
[Site "?"]
[Date "2017.01.29"]
[Round "8.4"]
[White "Zlamal, Marek"]
[Black "Palka, Miroslav"]
[Result "1/2-1/2"]
[WhiteElo "1778"]
[BlackElo "1949"]
[PlyCount "68"]
[EventDate "2016.??.??"]

1. d4 d5 2. e3 g6 3. c4 Nf6 4. Nc3 Bg7 5. Nf3 O-O 6. Bd2 b6 7. cxd5 Nxd5 8. Bc4
Nxc3 9. Bxc3 Bb7 10. O-O Nd7 11. Rc1 c5 12. dxc5 Nxc5 13. Bxg7 Kxg7 14. Qe2 e6
15. Nd4 Qf6 16. b4 Ne4 17. Rfd1 Rfd8 18. f3 Nd6 19. Bb3 Rac8 20. Rxc8 Nxc8 21.
Qc4 Bd5 22. Qc7 Bxb3 23. Nxe6+ Bxe6 24. Rxd8 Qa1+ 25. Kf2 Qxa2+ 26. Kg3 Qa1 27.
f4 a5 28. bxa5 bxa5 29. Re8 Qe1+ 30. Kf3 Qd1+ 31. Kf2 Qd2+ 32. Kf3 Qd7 33. Qe5+
Kh6 34. Qg5+ Kg7 1/2-1/2

[Event "SR 4. liga A21 2016/2017"]
[Site "?"]
[Date "2017.01.29"]
[Round "8.4"]
[White "Kovarik, Oto"]
[Black "Kir, Kvetoslav"]
[Result "1/2-1/2"]
[WhiteElo "1786"]
[BlackElo "1765"]
[PlyCount "106"]
[EventDate "2016.??.??"]

1. e4 e6 2. d4 d5 3. Nd2 Nf6 4. e5 Nfd7 5. c3 c5 6. Ngf3 Nc6 7. Bb5 cxd4 8.
Bxc6 bxc6 9. cxd4 Ba6 10. Qa4 Qc8 11. a3 Be7 12. b4 O-O 13. Bb2 Rb8 14. Qc2 h6
15. Rc1 Rb6 16. Nb3 Bb5 17. Nc5 Nxc5 18. dxc5 Rb8 19. Nd4 a5 20. Nxb5 Rxb5 21.
Bc3 axb4 22. axb4 Qb7 23. O-O Ra8 24. Ra1 Rb8 25. Ra3 d4 26. Bd2 Qd7 27. Qd3
Qd5 28. f4 f5 29. Rfa1 Qe4 30. Qc4 Kf7 31. Re1 Qd5 32. Qxd5 exd5 33. Ra7 R8b7
34. Rea1 Ke6 35. R1a6 Kd7 36. Rxb7+ Rxb7 37. Kf2 g5 38. g3 gxf4 39. gxf4 Bh4+
40. Ke2 Rb8 41. Ra7+ Ke6 42. Rh7 Be7 43. Rxh6+ Kd7 44. Kd3 Rg8 45. Kxd4 Rg2 46.
Kd3 Rf2 47. h4 Rf3+ 48. Ke2 Rh3 49. h5 Rh2+ 50. Kd3 Rh3+ 51. Be3 Bh4 52. e6+
Ke7 53. Kd4 Bf6+ 1/2-1/2

[Event "SR 4. liga A21 2016/2017"]
[Site "?"]
[Date "2017.01.29"]
[Round "8.4"]
[White "Havlicek, Peter"]
[Black "Stasek, Daniel"]
[Result "1/2-1/2"]
[WhiteElo "1713"]
[BlackElo "1639"]
[PlyCount "33"]
[EventDate "2016.??.??"]

1. e4 e6 2. d4 d5 3. Bd3 c5 4. c3 Qb6 5. Nf3 Nc6 6. exd5 exd5 7. Qe2+ Be7 8.
dxc5 Qxc5 9. Be3 Qd6 10. O-O Bg4 11. b4 Nf6 12. Bc5 Qd7 13. Bb5 O-O 14. Bxe7
Bxf3 15. gxf3 Qxe7 16. Qxe7 Nxe7 17. Re1 1/2-1/2

[Event "SR 4. liga A21 2016/2017"]
[Site "?"]
[Date "2017.01.29"]
[Round "8.4"]
[White "Stehlik, Jan"]
[Black "Fidericky, Milan"]
[Result "1/2-1/2"]
[WhiteElo "1598"]
[BlackElo "1748"]
[PlyCount "61"]
[EventDate "2016.??.??"]

1. e4 e5 2. Nf3 Nf6 3. Nxe5 d6 4. Nf3 Nxe4 5. Nc3 Nxc3 6. dxc3 Be7 7. Bc4 O-O
8. O-O Bg4 9. h3 Bh5 10. Qd5 Bxf3 11. Qxf3 c6 12. Be3 Nd7 13. Rfe1 Ne5 14. Qe2
Nxc4 15. Qxc4 d5 16. Qe2 Bf6 17. Bc5 Re8 18. Qxe8+ Qxe8 19. Rxe8+ Rxe8 20. Kf1
b6 21. Bd4 Re6 22. Re1 Kf8 23. Bxf6 Rxf6 24. Re3 Re6 25. Ke2 Ke7 26. Kd3 Kd6
27. Rxe6+ fxe6 28. f4 e5 29. fxe5+ Kxe5 30. Ke3 c5 31. g3 1/2-1/2

[Event "SR 4. liga A21 2016/2017"]
[Site "?"]
[Date "2017.01.29"]
[Round "8.5"]
[White "Nemeckay, Rastislav"]
[Black "Ocko, Martin"]
[Result "1/2-1/2"]
[WhiteElo "1985"]
[BlackElo "1960"]
[PlyCount "28"]
[EventDate "2016.??.??"]

1. e4 c5 2. b3 Nc6 3. f4 e5 4. d3 d6 5. Nf3 g6 6. Bb2 Bg7 7. fxe5 Nxe5 8. Nxe5
dxe5 9. Be2 Ne7 10. O-O O-O 11. Bg4 Nc6 12. Bxc8 Rxc8 13. Nc3 Ne7 14. Qd2 Qd7
1/2-1/2

[Event "SR 4. liga A21 2016/2017"]
[Site "?"]
[Date "2017.01.29"]
[Round "8.5"]
[White "Diviak, Rudolf"]
[Black "Klimes, Karel"]
[Result "1/2-1/2"]
[WhiteElo "1815"]
[BlackElo "1633"]
[PlyCount "54"]
[EventDate "2016.??.??"]

1. e4 e5 2. Bc4 Be7 3. Nf3 Nc6 4. d3 Nf6 5. O-O O-O 6. c3 d6 7. Bb3 Bg4 8. Re1
Nd7 9. Nbd2 Nc5 10. Bc2 Bg5 11. Nf1 Bxc1 12. Rxc1 Qf6 13. Re3 Ne6 14. h3 Bh5
15. Ng3 Bg6 16. d4 Nf4 17. Kh2 Rfe8 18. Ba4 Red8 19. Bc2 Na5 20. Qf1 a6 21. Nf5
b5 22. b3 Bxf5 23. exf5 Nd5 24. Ree1 Nxc3 25. dxe5 dxe5 26. Rxe5 Nc6 27. Re3
Nxa2 1/2-1/2

[Event "SR 4. liga A21 2016/2017"]
[Site "?"]
[Date "2017.01.29"]
[Round "8.5"]
[White "Wallner, Juraj"]
[Black "Drozd, Jan"]
[Result "1/2-1/2"]
[WhiteElo "1566"]
[BlackElo "1562"]
[PlyCount "58"]
[EventDate "2016.??.??"]

1. e4 c5 2. Nf3 Nc6 3. d4 cxd4 4. Nxd4 e5 5. Nf3 Nf6 6. Nc3 Bb4 7. Bd3 O-O 8.
Bd2 a6 9. a3 Be7 10. O-O d6 11. h3 b5 12. b4 Be6 13. Ne2 d5 14. Ng3 Rc8 15. c3
dxe4 16. Bxe4 Nxe4 17. Nxe4 f5 18. Ng3 e4 19. Ne1 Bc4 20. Ne2 Qd7 21. Rb1 Rcd8
22. Rb2 Bf6 23. g3 Bxc3 24. Nxc3 Bxf1 25. Kxf1 Nd4 26. Be3 Ne6 27. Qxd7 Rxd7
28. Rd2 Rxd2 29. Bxd2 Rd8 1/2-1/2

[Event "SR 4. liga A21 2016/2017"]
[Site "?"]
[Date "2017.01.29"]
[Round "8.5"]
[White "Buran, Andrej Ml"]
[Black "Tomasovic, Pavol"]
[Result "1-0"]
[WhiteElo "1569"]
[BlackElo "1315"]
[PlyCount "61"]
[EventDate "2016.??.??"]

1. e4 e6 2. d4 d5 3. exd5 exd5 4. Nf3 Nf6 5. Bd3 Bd6 6. O-O O-O 7. Bg5 Bg4 8.
Nbd2 Nbd7 9. c4 c6 10. Qb3 Qc7 11. Rac1 a6 12. c5 Bf4 13. Bxf4 Qxf4 14. Qxb7
Ne4 15. Nb3 Ndf6 16. Ne5 Nd2 17. Nxd2 Qxd2 18. Qxc6 Qxb2 19. Nxg4 Nxg4 20. Qxd5
Nf6 21. Qc4 Rfd8 22. Rfd1 Ng4 23. Rc2 Qb8 24. g3 h5 25. Bg6 Qb7 26. Bxh5 Qf3
27. Bxg4 Qxg4 28. Qe2 Rxd4 29. Qxg4 Rxg4 30. c6 Rc8 31. c7 1-0

[Event "SR 4. liga A21 2016/2017"]
[Site "?"]
[Date "2017.01.29"]
[Round "8.5"]
[White "Fajtakova, Silvia"]
[Black "Hrdlicka, Martin"]
[Result "1-0"]
[WhiteElo "1260"]
[BlackElo "1366"]
[PlyCount "81"]
[EventDate "2016.??.??"]

1. e4 e5 2. Nf3 Nc6 3. Bb5 a6 4. Ba4 Nf6 5. d3 d6 6. Bg5 Be7 7. Nc3 Bg4 8. h3
Bh5 9. g4 Bg6 10. Bxf6 Bxf6 11. h4 h6 12. h5 Bh7 13. d4 O-O 14. d5 Nd4 15. Nxd4
exd4 16. Ne2 Bxe4 17. Rh3 Bxd5 18. Qd2 b5 19. Bb3 Bxb3 20. cxb3 Bg5 21. f4 Bh4+
22. Kd1 c5 23. Rc1 Bf2 24. Rc2 Re8 25. g5 Be3 26. Qd3 hxg5 27. h6 Qf6 28. hxg7
Qxg7 29. Rg3 g4 30. Qf5 Re6 31. Ng1 Rae8 32. Rcg2 Rg6 33. Rxg4 Ree6 34. Qxe6
Rxe6 35. Rxg7+ Kf8 36. Rh7 d3 37. Nf3 Bxf4 38. Rgg7 Re7 39. Ng5 Re8 40. Rxf7+
Kg8 41. Rxf4 1-0

[Event "SR 4. liga A21 2016/2017"]
[Site "?"]
[Date "2017.01.29"]
[Round "8.6"]
[White "Lajda, Dusan"]
[Black "Pericka, Tomas"]
[Result "0-1"]
[WhiteElo "1781"]
[BlackElo "2017"]
[PlyCount "100"]
[EventDate "2016.??.??"]

1. e4 c5 2. Nf3 Nc6 3. d4 cxd4 4. Nxd4 g6 5. Nc3 Bg7 6. Be3 Nf6 7. Be2 O-O 8.
O-O d5 9. exd5 Nb4 10. d6 Qxd6 11. Ncb5 Qe5 12. Nf3 Qb8 13. Bc5 Nc6 14. Nbd4
Nxd4 15. Bxd4 Bf5 16. Be5 Qc8 17. c3 Rd8 18. Qc1 Qe6 19. Re1 Be4 20. Bf4 Qb6
21. Be3 Qa5 22. Bd4 Rac8 23. Qe3 Bc6 24. Ne5 Nd5 25. Qg3 Be8 26. Nc4 Qc7 27.
Qxc7 Rxc7 28. Bxa7 b5 29. Bb6 Nxb6 30. Nxb6 Rb7 31. Bf3 Rxb6 32. Rxe7 Re6 33.
Rxe6 fxe6 34. Rd1 Rxd1+ 35. Bxd1 Kf7 36. f3 Ke7 37. Kf2 Kd6 38. Bc2 Bc6 39. h4
Bd5 40. h5 gxh5 41. Bxh7 h4 42. Bg6 Be5 43. Be8 Bg3+ 44. Ke3 Kc5 45. a4 bxa4
46. Bxa4 Bc4 47. f4 Bd5 48. Bd7 Kd6 49. Bc8 Bxg2 50. f5 h3 0-1

[Event "SR 4. liga A21 2016/2017"]
[Site "?"]
[Date "2017.01.29"]
[Round "8.6"]
[White "Sadlon, Juraj"]
[Black "Bjel, Lubos"]
[Result "1-0"]
[WhiteElo "1872"]
[BlackElo "1771"]
[PlyCount "49"]
[EventDate "2016.??.??"]

1. e4 e6 2. d4 d5 3. exd5 exd5 4. Bd3 Bd6 5. Ne2 Be6 6. O-O Ne7 7. c3 c6 8. Bf4
Ng6 9. Bg3 f5 10. Re1 O-O 11. Qc2 Bxg3 12. fxg3 Nd7 13. Nf4 Nxf4 14. gxf4 Qf6
15. Nd2 Rae8 16. Nf3 h6 17. Re2 c5 18. Bb5 Rc8 19. Rae1 Rfe8 20. dxc5 Qe7 21.
Rxe6 Qxc5+ 22. Nd4 Rxe6 23. Rxe6 Nf8 24. Re2 a6 25. Bd3 1-0

[Event "SR 4. liga A21 2016/2017"]
[Site "?"]
[Date "2017.01.29"]
[Round "8.6"]
[White "Orvisky, Vladimir"]
[Black "Skapik, Branislav"]
[Result "1/2-1/2"]
[WhiteElo "1749"]
[BlackElo "1829"]
[PlyCount "36"]
[EventDate "2016.??.??"]

1. c4 e6 2. Nc3 d5 3. d4 Bb4 4. Qb3 Nc6 5. Nf3 h6 6. a3 Bxc3+ 7. Qxc3 Nf6 8. e3
O-O 9. Be2 dxc4 10. Qxc4 Qd5 11. O-O Qxc4 12. Bxc4 Bd7 13. b4 Nd5 14. Bd2 Nce7
15. Rfc1 Nb6 16. Bb3 Rfc8 17. Ne5 Ba4 18. Ba2 Nc6 1/2-1/2

[Event "SR 4. liga A21 2016/2017"]
[Site "?"]
[Date "2017.01.29"]
[Round "8.6"]
[White "Sadlon, Matus"]
[Black "Krchnak, Rudolf"]
[Result "1/2-1/2"]
[WhiteElo "1688"]
[BlackElo "1689"]
[PlyCount "118"]
[EventDate "2016.??.??"]

1. e4 c5 2. Nf3 d6 3. Bb5+ Bd7 4. Bxd7+ Nxd7 5. c3 Ngf6 6. Qe2 e6 7. d4 Be7 8.
O-O O-O 9. Bg5 a6 10. Nbd2 Re8 11. Rfe1 Rc8 12. Rac1 b5 13. Nf1 Nb6 14. Ng3 d5
15. dxc5 Rxc5 16. e5 Nfd7 17. Bxe7 Qxe7 18. Nd4 Qg5 19. Qh5 Qxh5 20. Nxh5 Nc4
21. b4 Rc7 22. f4 g6 23. Ng3 Ncb6 24. Re3 Na4 25. Kf2 Rec8 26. Nge2 Nb8 27. Ke1
Nc6 28. Kd2 Nb6 29. Rh3 $11 Na4 30. Nxc6 Rxc6 31. Nd4 Rc4 32. Rf3 Nxc3 33.
Rcxc3 Rxd4+ 34. Kc2 Rdc4 35. Rxc4 Rxc4+ 36. Kb3 h5 37. g3 Kg7 38. Rf2 Kf8 39.
a4 Ke7 40. axb5 axb5 41. Ra2 Rc7 42. Ra6 Rb7 43. Rd6 $11 Rd7 44. Rb6 d4 45. Kc2
d3+ 46. Kd2 Rd5 47. Rb7+ Kf8 48. Rb8+ Kg7 49. Rb7 $11 g5 50. f5 Rxe5 51. fxe6
Rxe6 52. Rxb5 Kg6 53. Kxd3 f5 54. Rc5 h4 55. b5 hxg3 56. hxg3 f4 57. Rc6 Kf6
58. Rxe6+ Kxe6 59. gxf4 gxf4 1/2-1/2

[Event "SR 4. liga A21 2016/2017"]
[Site "?"]
[Date "2017.01.29"]
[Round "8.6"]
[White "Bajcar, Pavol"]
[Black "Svarc, Vaclav"]
[Result "1-0"]
[WhiteElo "1709"]
[BlackElo "1188"]
[PlyCount "51"]
[EventDate "2016.??.??"]

1. d4 d5 2. Bf4 Nc6 3. Nf3 Bf5 4. c3 e6 5. e3 Bd6 6. Bg3 Nf6 7. Bd3 O-O 8. Qc2
Qe7 9. Bxf5 exf5 10. Qxf5 g6 11. Qd3 Rae8 12. Nbd2 Ne4 13. O-O Bxg3 14. hxg3
Qe6 15. a3 a5 16. Rac1 Na7 17. c4 c6 18. cxd5 Qxd5 19. Nxe4 Rxe4 20. Rc5 Qe6
21. Ng5 Qa2 22. Qxe4 Qxb2 23. Qh4 h5 24. g4 Qb3 25. gxh5 gxh5 26. Qxh5 1-0